Note sur les progrès de la Géologie en Espagne (Record no. 167331)

MARC details
000 -LEADER
campo de control de longitud fija 01028nam a22002175i 4500
001 - NÚMERO DE CONTROL
campo de control 167331
003 - IDENTIFICADOR DE NÚMERO DE CONTROL
campo de control ES-MaACL
005 - FECHA Y HORA DE LA ÚLTIMA TRANSACCIÓN
campo de control 20250818063113.0
008 - DATOS DE LONGITUD FIJA--INFORMACIÓN GENERAL
campo de control de longitud fija 010503s1855 fr |||| | fre d
040 ## - FUENTE DE CATALOGACIÓN
Centro catalogador/agencia de origen CCPB | B
Lengua de catalogación spa
Centro/agencia transcriptor CCPB | B
100 1# - ENTRADA PRINCIPAL--NOMBRE DE PERSONA
Nombre de persona Verneuil, Édouard de,
Fechas asociadas al nombre 1805-1873
9 (RLIN) 114176
245 10 - MENCIÓN DEL TÍTULO
Título Note sur les progrès de la Géologie en Espagne
Resto del título : pendant l'année 1854 /
Mención de responsabilidad, etc. par M. de Veneuil et MM. Collomb et De Lorière.
260 ## - PUBLICACIÓN, DISTRIBUCIÓN, ETC.
Lugar de publicación, distribución, etc. Caen :
Nombre del editor, distribuidor, etc. [s.n.],
Fecha de publicación, distribución, etc. 1855 (
Fabricante Typ. de A. Hardel)
300 ## - DESCRIPCIÓN FÍSICA
Extensión 18 p. ;
Dimensiones 18 cm.
500 ## - NOTA GENERAL
Nota general Extrait de L'Annuaire de l'Institut des provinces pour 1855.
650 07 - PUNTO DE ACCESO ADICIONAL DE MATERIA--TÉRMINO DE MATERIA
Término de materia o nombre geográfico como elemento de entrada Geología
Fuente del encabezamiento o término embne
9 (RLIN) 13086
700 0# - ENTRADA AGREGADA--NOMBRE PERSONAL
Nombre de persona Collomb, Edouard.
9 (RLIN) 39750
700 1# - ENTRADA AGREGADA--NOMBRE PERSONAL
Nombre de persona Lorière, Gustav de.
9 (RLIN) 74210
852 ## - LOCALIZACIÓN
Ubicación ES-MaACL
Número de control de estantería B-8308(1)
Nota libre -- Enc. tela plastificada, conservando la cub. original
-- -- Legado de Federico de Botella y de Hornos
Holdings
Estatus retirado Estado de pérdida Estado de daño No para préstamo Colección Biblioteca de origen Biblioteca actual Ubicación en estantería Fecha de adquisición Fuente de adquisición Total de préstamos Signatura topográfica completa Código de barras Visto por última vez Precio de reemplazo Tipo de ítem Koha
        Libros del s. XIX Biblioteca del Ateneo de Madrid Biblioteca del Ateneo de Madrid Sala Pardo Bazán 17/01/2008     B-8308(1) 1175535 23/02/2023 23/02/2023 Libro impreso antiguo